000 00367nam a2200145Ia 4500
008 230917s9999||||xx |||||||||||||| ||und||
040 _e204040
_aMAIN
041 _aEnglish
082 _a363.7003 D26E
100 _aDas, Ajay, ed.
245 0 _aEncyclopaedia of ecology. 5V
260 _aNew Delhi
_bGlobal Publicaions
_c2011
300 _avi, 291 p.
942 _cBK
999 _c173874
_d173874